000 01549nam a22004217a 4500
003 CHAP
005 20220329143354.0
008 090115s2008 mx a r 00010 spa d
010 _a95651
011 _a96623
035 _a107279
040 _cCHAP
090 _aTesis
100 1 _aAcevedo Guerra, María Luisa.
_9501
245 1 0 _aEvaluación de nueve sierras banda en el aserrío de la madera de encinos de Oaxaca
_c/por María Luisa Acevedo Guerra
260 _aChapingo, Méx. :
_bEl autor,
_c2008
300 _axi, 99 h. :
_bilus.
502 _aTesis (Ing. Forestal Industrial) -- UACH. División de Ciencias Forestales
530 _aTambién disponible en línea
590 _aALEPH
_b10
_c20130110
_lUCH01
_h1525
590 _aBATCH-UPD
_b10
_c20130110
_lUCH01
_h0353
590 _aBATCH-UPD
_b10
_c20130110
_lUCH01
_h2112
590 _aBATCH-UPD
_b10
_c20130410
_lUCH01
_h0027
590 _aBATCH-UPD
_b10
_c20130913
_lUCH01
_h1901
590 _aBATCH-UPD
_b10
_c20140324
_lUCH01
_h1508
590 _aBATCH-UPD
_b10
_c20141002
_lUCH01
_h0837
590 _aBATCH
_b00
_c20181121
_lUCH01
_h0758
590 _aCONVERSION
_b10
_c20130109
_lUCH01
_h1353
650 1 4 _aBosques
_zOaxaca.
_914420
650 1 4 _aMaquinaria forestal.
_971212
650 1 4 _aSierras.
_9105875
856 _3Finding aid
_uhttp://10.13.5.2/tesis/107279.pdf
_zTeclea aqui
856 _a1
_n0000016
901 _aBK
942 _cFOLL
949 _aTesis
_bBC
_cTES
_d33724002081298
_eTS2
_fc..2
_h48460
_i107279
_si
949 _aTesis
_bBC
_cTES
_d33724002081330
_eTS1
_h48459
_i107279
_sb
999 _c95651
_d95651